000 00969nam a2200265Ia 4500
003 OSt
005 20220930094443.0
006 a|||||r|||| 00| 0
007 ta
008 220926b |||||||| |||| 00| 0 eng d
024 _a71953
037 _cTheses
040 _aCRL
_cCRL
_beng
041 _2eng
_aeng
100 _aDevi Laishram Sundari Au.
_9555596
110 _aUniversity of Delhi. Faculty of Science. Department of Botany
245 0 _aIn silico phylogenetic and differential expression analyses of CcEZ1 in apomictically and sexually reproducing plants of cenchrus ciliaris L and optimization of gene gun mediated genetic transformation of cenchrus ciliaris L
260 _c2021
300 _a205p.
_ap.
_ccm.
650 _aBotany
700 _a Bhat Vishnu Gu.
_9544760
700 _aUniversity of Delhi. Faculty of Science. Department of Botany
942 _cDIS
_2CC
999 _c887150
_d887150